LEADER 02711nam 2200373 450 001 9910682577203321 005 20230511201555.0 035 $a(CKB)5600000000595765 035 $a(NjHacI)995600000000595765 035 $a(EXLCZ)995600000000595765 100 $a20230511d2022 uy 0 101 0 $aeng 135 $aur||||||||||| 181 $ctxt$2rdacontent 182 $cc$2rdamedia 183 $acr$2rdacarrier 200 10$aEnvironmental ergonomics $ecommercial kitchens in a semi-tropical city /$fSasi Gangiah 210 1$aCape Town, South Africa :$cAOSIS,$d2022. 215 $a1 online resource (xxi, 333 pages) $cillustrations 311 $a1-77995-204-X 327 $aOverview and background of the study -- Heat and thermal comfort -- Ventilation and humidity -- Noise and its effect on workers' health -- Lighting in kitchens -- Research methodology -- Data presentation, analysis and discussion : heat and thermal comfort -- Data presentation, analysis and discussion : ventilation and humidity -- Data presentation, analysis and discussion : noise in kitchens -- Data presentation, analysis and discussion : lighting in kitchens -- Conclusion and recommendations. 330 $a"This book focuses on the environmental ergonomics of restaurant kitchens and the challenges related hereto in a semitropical city from a chef's perspective. It establishes the urgent need for commercial kitchens to be conducive to the well-being of kitchen workers as heat illness is unreported in this industry. This research is relevant from an occupational health and safety point of view. It evaluates the indoor environmental quality (IEQ) parameters such as heat, ventilation and humidity, noise and lighting in kitchens, cognisant that with different cuisines, the kitchen loads are different. The goals of occupational safety are health intervention for worker comfort to enhanced work performance. The book generates new knowledge regarding the factors affecting the body mass index of kitchen workers, prediction of heat and humidity near cooking stoves, discomfort near ovens, lighting in preparation areas and factors affecting reaction to stove noise. The book implements an exploratory design with multiple case studies."-- Publisher's description. 606 $aKitchens$xPlanning$xEnvironmental aspects 606 $aEnvironmental engineering$zSouth Africa$zDurban 615 0$aKitchens$xPlanning$xEnvironmental aspects. 615 0$aEnvironmental engineering 676 $a643.3 700 $aGangiah$b Sasi$01357513 801 0$bNjHacI 801 1$bNjHacl 906 $aBOOK 912 $a9910682577203321 996 $aEnvironmental ergonomics$93363654 997 $aUNINA LEADER 03872nam 2200853 450 001 9910797752603321 005 20230808212604.0 010 $a0-520-96195-1 024 7 $a10.1525/9780520961951 035 $a(CKB)3710000000513407 035 $a(EBL)4068984 035 $a(SSID)ssj0001571546 035 $a(PQKBManifestationID)16216530 035 $a(PQKBTitleCode)TC0001571546 035 $a(PQKBWorkID)14167990 035 $a(PQKB)10323593 035 $a(MiAaPQ)EBC4068984 035 $a(DE-B1597)520099 035 $a(OCoLC)928891452 035 $a(DE-B1597)9780520961951 035 $a(Au-PeEL)EBL4068984 035 $a(CaPaEBR)ebr11153308 035 $a(EXLCZ)993710000000513407 100 $a20160216h20162016 uy 0 101 0 $aeng 135 $aurnnu---|u||u 181 $ctxt 182 $cc 183 $acr 200 10$aWild mammals of Wyoming and Yellowstone National Park /$fSteven Buskirk 210 1$aOakland, California :$cUniversity of California Press,$d2016. 210 4$d©2016 215 $a1 online resource (453 p.) 300 $aDescription based upon print version of record. 311 0 $a0-520-28689-8 320 $aIncludes bibliographical references and index. 327 $tFront matter --$tCONTENTS --$tPREFACE --$tACKNOWLEDGMENTS --$tPART I. The Wyoming Context --$tPART II. SPECIES ACCOUNTS --$tAPPENDIX: Plant Species and Non-mammalian Animal Species --$tGLOSSARY --$tREFERENCES CITED --$tPHOTO CREDITS --$tINDEX 330 $aWild Mammals of Wyoming and Yellowstone National Park provides the scholar, conservationist, and interested lay reader with information on the state's 117 wild mammalian species from grizzly bears to pygmy shrews. It describes the history of mammalogy in Wyoming, the zoogeography of Wyoming mammals, and the prehistoric mammals of Wyoming. It also characterizes the habitats of Wyoming mammals and addresses the conservation and management of mammals in the region. Expanding beyond the traditional field guide, Steven W. Buskirk emphasizes taxonomic classification, geographic range, and conservation status for mammalian species. Introductory sections are provided for each order and family, and individual species accounts organize a wealth of data ranging from habitat associations to field measurements in an easy-to-use format. Featuring color species photos, continental and state-scale distribution maps, and a comprehensive bibliography with nearly 1,000 references, Wild Mammals of Wyoming and Yellowstone National Park is an indispensable resource for wildlife and conservation biologists and mammalogists working in this region. 606 $aMammals$zWyoming 606 $aMammals$zYellowstone National Park 610 $aanimals of wyoming. 610 $aanimals of yellowstone. 610 $abiology. 610 $abison. 610 $aconservation and management. 610 $aconservation biologists. 610 $aconservation wyoming. 610 $afauna of yellowstone. 610 $amammal desk reference. 610 $amammology in wyoming. 610 $aprehistoric mammals. 610 $ascientific guide to animals. 610 $astudy of animals. 610 $ataxonomy of wyoming. 610 $awildlife wyoming. 610 $awyoming field guide. 610 $awyoming mammal habitats. 610 $awyoming mammals. 610 $awyoming. 610 $ayellowstone national park. 610 $ayellowstone. 610 $azoogeography. 610 $azoology. 615 0$aMammals 615 0$aMammals 676 $a599.09787 700 $aBuskirk$b Steven$01575262 801 0$bMiAaPQ 801 1$bMiAaPQ 801 2$bMiAaPQ 906 $aBOOK 912 $a9910797752603321 996 $aWild mammals of Wyoming and Yellowstone National Park$93852059 997 $aUNINA LEADER 01501nam0 22003731i 450 001 UON00039047 005 20231205102137.451 100 $a20020107d1958 |0itac50 ba 101 $afre 102 $aFR 105 $a|||| 1|||| 200 1 $aˆLe ‰Livre des Juges$cLe livre de Ruth$ftraduits par Albert Vincent 205 $a2e éd. rev 210 $aParis$cEditions du CERF$d1958 215 $a166 p., 1 tav.rip.$d19 cm 312 $ain francese$9UON00355534 312 $ain francese$9UON00355612 410 1$1001UON00039039$12001 $aˆLa ‰Sainte Bible 500 0$3UON00355534$aBibbia. Antico Testamento. Giudici$956431 500 0$3UON00355612$aBibbia. Antico Testamento. Ruth$956456 517 1$3UON00355618$aˆLe ‰livre de Ruth 606 $aANTICO TESTAMENTO$xGIUDICI$3UONC012874$2FI 606 $aANTICO TESTAMENTO$xRUTH$3UONC012990$2FI 620 $aFR$dParis$3UONL002984 686 $aSEB VI AA$cSTUDI EBRAICI - LETTERATURA - TESTI BIBLICI - TESTI$2A 702 1$aVINCENT$bAlbert$3UONV018344 712 $aEditions du Cerf$3UONV247045$4650 801 $aIT$bSOL$c20240220$gRICA 899 $aSIBA - SISTEMA BIBLIOTECARIO DI ATENEO$2UONSI 912 $aUON00039047 950 $aSIBA - SISTEMA BIBLIOTECARIO DI ATENEO$dSI SEB VI AA 005 (07) $eSI SEM53 5 005 (07) 996 $aBibbia. Antico Testamento. Ruth$956456 996 $aBibbia. Antico Testamento. Giudici$956431 997 $aUNIOR